| 000 | 01347nam a22002777a 4500 | ||
|---|---|---|---|
| 005 | 20170410144001.0 | ||
| 008 | 140714b xxu||||| |||| 00| 0 Urdu d | ||
| 010 | _aUR-115 B-547989-992 B-665892 | ||
| 020 |
_a9789350732182 _c300.00 |
||
| 035 | _aU-115 B-547989-992 B-665892 | ||
| 037 | _bBPPD/Pub/Ven | ||
| 037 | _bPansy Books(Vend.)/Edu.pub.House(Pub.) | ||
| 040 |
_aDPL _bUrdu |
||
| 082 | _aک | ||
| 100 | _aر يحا نہ سلطا نہ | ||
| 245 |
_aقر ۃ العين کے نما يند ہ ا فسا نے _cر يحا نہ سلطا نہ |
||
| 246 |
_aQurrattul -ain -Hyder ke Numainda Afsane _bbyRehana Sultana |
||
| 260 |
_aد ھلی _bا يجو کيشنل پبليشنگ ہا ؤس _c2013 |
||
| 260 | _bPansy Books(Vender) | ||
| 270 |
_a3108،و کيل اسٹر يٹ ،کو چہ پنڈ ت ،لال کنو ا ن _bد ھلی _e110006 _k23216162،23214465 |
||
| 270 |
_aR2,/66/A Somesh Vihar,Chhawala _bNew Delhi _e110071 _k01125317355 |
||
| 300 |
_a288ص _c22Cm (Hb) |
||
| 942 |
_2ddc _cUR _e _hک _mق ر ۃ |
||
| 999 |
_c87348 _d87348 |
||